000 00448nam a2200169Ia 4500
003 GCL
008 140319s9999 xx 000 0 eng d
040 _aGCL /
_cGCL
082 0 4 _a621.317
_bR P
100 1 _aBRADLEY, D. A.
245 1 0 _aPOWER ELECTRONICS /
_cBRADLEY, D. A.
260 _aانجلترا :
_bCHAPMAN & HALL ،
_c1995
300 _a274 P ؛
_c25 SM
650 0 4 _aELECTRONICS
650 0 4 _aELECTRIC ENGINEERING
942 _2ddc
_cBK
999 _c19883
_d19883